Rethinking Foreign Language Education for Future Graduates

Prehodnotenie vzdelávania v cudzích jazykoch v reakcii na vyvíjajúce sa požiadavky globálneho trhu práce. Znalosť cudzích jazykov ako strategická výhoda, ktorá je neoddeliteľnou súčasťou zamestnateľnosti a pripravenosti absolventov v rôznych profesijných sektoroch. Vychádzajúc z politických správ OE...

Descrizione completa

Salvato in:
Dettagli Bibliografici
Autore principale: Némethová, Ildikó, 1974-
Natura: Capitolo di libro
Lingua:inglese
Soggetti:
Tags: Aggiungi Tag
Nessun Tag, puoi essere il primo ad aggiungerne!!

MARC

LEADER 00000naa$a2200000$$$4500
001 0313393
005 20251201084609.8
041 0 |a eng 
044 |a CZ 
245 1 0 |a Rethinking Foreign Language Education for Future Graduates  |c Ildikó Némethová 
520 |a Prehodnotenie vzdelávania v cudzích jazykoch v reakcii na vyvíjajúce sa požiadavky globálneho trhu práce. Znalosť cudzích jazykov ako strategická výhoda, ktorá je neoddeliteľnou súčasťou zamestnateľnosti a pripravenosti absolventov v rôznych profesijných sektoroch. Vychádzajúc z politických správ OECD a údajov od popredných nadnárodných zamestnávateľov, článok zdôrazňuje, ako sa znalosť cudzích jazykov posunula z doplnkovej na ústrednú úlohu v profesionálnych oblastiach. Článok kritizuje pretrvávajúcu štrukturálnu a ideologickú zotrvačnosť v rámci terciárnych inštitúcií, ktoré považujú učenie sa jazykov za kultúrny voliteľný predmet a nie za funkčnú základnú zručnosť. Dokument zdôrazňuje potrebu inštitucionálnej reformy, ktorá zahŕňa spoločný návrh učebných osnov, multimodálne hodnotenia a medzisektorové štruktúry riadenia. Zdôrazňuje tiež dôležitosť zvyšovania kvalifikácie učiteľov a partnerstiev so zamestnávateľmi pri udržiavaní inovatívnej jazykovej pedagogiky. 
610 2 0 |a vzdelávanie 
610 2 0 |a vyučovanie 
610 2 0 |a jazyky cudzie 
610 2 0 |a absolventi 
610 2 0 |a kompetencie 
610 2 0 |a zamestnanie 
610 2 0 |a pedagogika 
100 1 |a Némethová, Ildikó, 1974-